Zaostrené na etiku
Ak majitelia podniku postavili svoje podnikanie na etických základoch a rešpektovaní zákonov, je vhodné preventívne sa chrániť pred zlyhaním jednotlivcov. Preto má zmysel zaviesť vo firme compliance program. Kvalitný compliance program je vytvorený na mieru danej spoločnosti a presne určuje, ktoré z...
Salvato in:
| Autore principale: | |
|---|---|
| Natura: | Capitolo di libro |
| Lingua: | slovacco |
| Soggetti: | |
| Tags: |
Nessun Tag, puoi essere il primo ad aggiungerne!!
|
MARC
| LEADER | 00000naa a2200000 4500 | ||
|---|---|---|---|
| 001 | 0246427 | ||
| 005 | 20180717091437.0 | ||
| 041 | 0 | |a slo | |
| 044 | |a SK | ||
| 245 | 1 | 0 | |a Zaostrené na etiku |c Alexandra Bohinská |
| 520 | |a Ak majitelia podniku postavili svoje podnikanie na etických základoch a rešpektovaní zákonov, je vhodné preventívne sa chrániť pred zlyhaním jednotlivcov. Preto má zmysel zaviesť vo firme compliance program. Kvalitný compliance program je vytvorený na mieru danej spoločnosti a presne určuje, ktoré zákony potrebujú jej predstavitelia a zamestnanci ovládať a dodržiavať. Ako úspešne zaviesť compliance program do praxe. | ||
| 610 | 2 | 0 | |a etika podniková |
| 610 | 2 | 0 | |a zodpovednosť podniku spoločenská |
| 610 | 2 | 0 | |a reputácia podniku |
| 610 | 2 | 0 | |a legislatíva |
| 610 | 2 | 0 | |a firmy |
| 100 | 1 | |a Bohinská, Alexandra | |